| 000 | 00536nam a2200181Ia 4500 | ||
|---|---|---|---|
| 999 |
_c14452 _d14452 |
||
| 003 | OSt | ||
| 005 | 20201016121451.0 | ||
| 008 | 190216s9999||||xx |||||||||||||| ||und|| | ||
| 020 | _a9780140240665 | ||
| 040 | _coclc | ||
| 082 |
_a823.0108356 _bBON/P |
||
| 100 | 1 |
_aBond, Ruskin _92056 |
|
| 245 | 0 |
_aThe Penguin Book Of Indian Railway Stories / _cRuskin Bond |
|
| 260 |
_bPenguin Books , _c1994. _aNew Delhi: |
||
| 300 | _a184p | ||
| 650 | _aEnglish | ||
| 942 |
_cBK _2ddc _h823.0108356 _iBON/P _k823.0108356 _mBON/P |
||